| 000 | 00542nam a22002057a 4500 | ||
|---|---|---|---|
| 003 | OSt | ||
| 005 | 20151126173936.0 | ||
| 008 | 151126b xxu||||| |||| 00| 0 eng d | ||
| 020 | _a9966846301. | ||
| 040 | _cDDC. | ||
| 082 | _a370.1SIF 1994. | ||
| 100 |
_aSifuna D.N;Otiende J.E. _96348 |
||
| 245 | _aAn Introductory history of education. | ||
| 250 | _aRevised ed. | ||
| 260 |
_aKenya. _bNairobi University Press. _c1994. |
||
| 300 |
_a240p; _bill; _c25cm |
||
| 504 | _aincludes index. | ||
| 650 |
_aEducation. _91404 |
||
| 942 |
_2ddc _cSLOAN |
||
| 999 |
_c2715 _d2715 |
||